000 nam a22 7a 4500
999 _c234977
_d234977
003 Nust
005 20170404110530.0
008 170404b xxu||||| |||| 00| 0 eng d
020 _a8176485918
040 _c0
082 _a333.95 JOS
100 _aJoshi,P.C
245 _aBiodiversity and Conservation
_cP.C.Joshi
260 _aNew Delhi
_bA.P.H
_c2004
300 _a384p.
500 _aH.B
942 _2ddc
_cBK
_k333.95 JOS